| Tag |
First Indicator |
Second Indicator |
Subfields |
| LEADER |
00000cam a2200000 a 4500 |
| 001 |
in00001402920 |
| 005 |
20151020053059.0 |
| 008 |
970828s1995 gw b 000 0 ger d |
| 020 |
|
|
|a 388476117X
|
| 035 |
|
|
|a (OCoLC)37542016
|
| 035 |
|
|
|9 AHM6963AM
|
| 040 |
|
|
|a UIU
|c UIU
|d TXA
|d UtOrBLW
|
| 049 |
|
|
|a TXAM
|
| 090 |
|
|
|a PR2991
|b .B49 1995
|
| 100 |
1 |
|
|a Beyenburg, Romana.
|
| 245 |
1 |
4 |
|a Die Frauen in Shakespeares späten Stücken :
|b Text und Aufführung /
|c Romana Beyenburg.
|
| 264 |
|
1 |
|a Trier :
|b Wissenschaftlicher Verlag Trier,
|c [1995]
|
| 264 |
|
4 |
|c ©1995
|
| 300 |
|
|
|a 294 pages ;
|c 21 cm.
|
| 336 |
|
|
|a text
|b txt
|2 rdacontent
|
| 337 |
|
|
|a unmediated
|b n
|2 rdamedia
|
| 338 |
|
|
|a volume
|b nc
|2 rdacarrier
|
| 490 |
1 |
|
|a Studien zur anglistischen Literatur- und Sprachwissenschaft ;
|v Bd. 4
|
| 504 |
|
|
|a Includes bibliographical references (pages 281-294).
|
| 600 |
1 |
0 |
|a Shakespeare, William,
|d 1564-1616
|x Characters
|x Women
|x Criticism and interpretation.
|
| 600 |
1 |
0 |
|a Shakespeare, William,
|d 1564-1616
|x Dramatic works.
|
| 600 |
1 |
0 |
|a Shakespeare, William,
|d 1564-1616
|x Dramatic production
|x Criticism and interpretation.
|
| 830 |
|
0 |
|a Studien zur anglistischen Literatur- und Sprachwissenschaft ;
|v Bd. 4.
|
| 948 |
|
|
|a c:pk
|
| 999 |
|
|
|a MARS
|
| 999 |
f |
f |
|s ff535c0c-e95a-308f-82e3-b19d7f8ca4fc
|i 1ed13d2c-c6ee-3a6b-880e-fc816b47fc9c
|t 0
|
| 952 |
f |
f |
|p normal
|a Texas A&M University
|b College Station
|c Sterling C. Evans Library
|d Evans: Library Stacks
|t 0
|e PR2991 .B49 1995
|h Library of Congress classification
|i unmediated -- volume
|m A14822487364
|
| 998 |
f |
f |
|a PR2991 .B49 1995
|t 0
|l Evans: Library Stacks
|